Statistics for Arctic Monkeys Song quiz

Click here to take the quiz!

General Stats

  • This quiz has been taken 1,158 times
  • The average score is 18 of 47

Answer Stats

AlbumSong% Correct
Suck it and See
74%
505
70%
Mardy Bum
65%
Crying Lightning
62%
Favourite Worst NightmareBrianStorm
60%
Teddy Picker
58%
I Bet You Look Good on the Dancefloor
57%
Cornerstone
56%
When The Sun Goes Down
55%
Riot Van
51%
Black Treacle
49%
HumbugMy Propeller
48%
Fake Tales of San Francisco
47%
A Certain Romance
46%
Whatever People Say I Am Its What I'm NotThe View From The Afternoon
46%
Balaclava
45%
Dancing Shoes
45%
Old Yellow Bricks
45%
D is for dangerous
44%
Brick By Brick
39%
Don't Sit Down Cause I've Moved Your Chair
39%
Pretty Visitors
39%
Love is a Laserquest
38%
Piledriver Waltz
38%
Dangerous Animals
37%
Do Me a Favour
36%
Secret Door
35%
From The Ritz To The Rubble
34%
Library Pictures
33%
Dance Little Liar
32%
Still Take You Home
32%
This House is a Circus
32%
The Bad Thing
29%
Flourescent Adolescent
28%
Reckless Serenade
28%
Potion Approaching
26%
The Hellcat Spangled Shalalala
26%
Fire And The Thud
25%
Red Light Indicates Doors Are Secured
25%
If You Were There, Beware
24%
The Jeweller's Hands
24%
All My Own Stunts
23%
You Probably Couldn't See for the Lights But You Were Staring Straight at Me
23%
Suck It And SeeShe Thunderstorms
12%
Only One Who Knows
11%
Thats Where Your Wrong
10%
Perhaps Vampires a Bit Strong But
6%

Score Distribution

Percentile by Number Answered

Percent of People with Each Score

Your Score History

You have not taken this quiz